| 000 | 00465nam a2200181Ia 4500 | ||
|---|---|---|---|
| 003 | OSt | ||
| 005 | 20230803110213.0 | ||
| 008 | 221216s9999||||xx |||||||||||||| ||und|| | ||
| 020 | _a42274350X | ||
| 040 | _cChuka University Library | ||
| 050 |
_aLB 41 _b.C94 1973 |
||
| 100 |
_aCurle, Adam _92424 |
||
| 245 | 0 | _aEducation for liberation | |
| 260 |
_aTavistock _bLondon _c1973 |
||
| 300 | _a144p | ||
| 650 |
_aEducation _xaim and objectives _911180 |
||
| 942 |
_cBK _2lcc |
||
| 999 |
_c3303 _d3303 |
||